[Event "Vejstrup"]
[Site "Vejstrup"]
[Date "1989.??.??"]
[Round "1"]
[White "Rogers, Ian"]
[Black "Hansen, Lars Bo"]
[Result "1/2-1/2"]
[WhiteElo "2470"]
[BlackElo "2525"]
[PlyCount "114"]
[EventDate "1989.09.??"]
[EventType "tourn"]
[EventRounds "9"]
[EventCountry "DEN"]
[EventCategory "10"]
[Source "ChessBase"]

1. d4 Nf6 2. c4 e6 3. Nc3 Bb4 4. Qc2 c5 5. dxc5 Bxc5 6. Nf3 Qb6 7. e3 Qc7 8.
Be2 a6 9. O-O Be7 10. Rd1 d6 11. b3 O-O 12. Bb2 Nbd7 13. Rd2 h6 14. Rad1 Rd8
15. Nd4 Nb6 16. a4 Bd7 17. e4 Be8 18. Rd3 Nbd7 19. Rg3 Ne5 20. Qc1 Kf8 21. Kh1
Bd7 22. f4 Nc6 23. Nf3 Na5 24. e5 dxe5 25. fxe5 Nh5 26. Rh3 Nxb3 27. Qc2 Nf4
28. Rg3 Nxe2 29. Nxe2 Bxa4 30. Rxd8+ Rxd8 31. Qh7 Ke8 32. Rxg7 Bf8 33. Rg8 Rd1+
34. Nfg1 Qc5 35. Qxh6 Bc6 36. Qh3 Ba4 37. Qf3 Qb4 38. Bc3 Qb6 39. h3 Bc6 40.
Qf6 Qe3 41. Qh8 Qc5 42. h4 b5 43. h5 b4 44. h6 Be4 45. h7 Bxh7 46. Qxh7 bxc3
47. Qc2 Rxg1+ 48. Nxg1 Qxc4 49. Rh8 Nd2 50. Rh3 Ne4 51. Re3 Nf2+ 52. Qxf2 c2
53. Ne2 Bc5 54. Re4 Qxe4 55. Qxc5 Qxe2 56. Qc8+ Ke7 57. Qc5+ Ke8 1/2-1/2

[Event "Vejstrup"]
[Site "Vejstrup"]
[Date "1989.09.??"]
[Round "1"]
[White "Schussler, Harry"]
[Black "Hansen, Curt"]
[Result "0-1"]
[WhiteElo "2540"]
[BlackElo "2550"]
[PlyCount "62"]
[EventDate "1989.09.??"]
[EventType "tourn"]
[EventRounds "9"]
[EventCountry "DEN"]
[EventCategory "10"]
[Source "ChessBase"]

1. Nf3 c5 2. c4 Nc6 3. g3 g6 4. Bg2 Bg7 5. Nc3 e6 6. O-O Nge7 7. b3 d5 8. cxd5
exd5 9. Bb2 d4 10. Na4 b6 11. e3 O-O 12. exd4 cxd4 13. Re1 Qd6 14. Qc1 Bb7 15.
Ba3 Qd7 16. Nb2 Rac8 17. Nc4 d3 18. Rb1 b5 19. Nd6 b4 20. Nxc8 Rxc8 21. Bb2 Nd4
22. Qd1 Ne2+ 23. Rxe2 dxe2 24. Qxe2 Bxb2 25. Rxb2 Rc1+ 26. Ne1 Nc6 27. d3 Nd4
28. Qd2 Ra1 29. Qxb4 a5 30. Qxa5 Qe7 31. Kf1 Rxe1+ 0-1

[Event "Vejstrup"]
[Site "Vejstrup"]
[Date "1989.09.??"]
[Round "2"]
[White "Hoi, Carsten"]
[Black "Hansen, Lars Bo"]
[Result "1/2-1/2"]
[WhiteElo "2510"]
[BlackElo "2525"]
[PlyCount "36"]
[EventDate "1989.09.??"]
[EventType "tourn"]
[EventRounds "9"]
[EventCountry "DEN"]
[EventCategory "10"]
[Source "ChessBase"]

1. d4 e6 2. Nf3 Nf6 3. e3 c5 4. Bd3 Be7 5. O-O O-O 6. c4 cxd4 7. exd4 d5 8.
cxd5 Nxd5 9. Nc3 Nc6 10. Re1 Bf6 11. Be4 Nce7 12. Qd3 h6 13. Ne5 Nxc3 14. Qxc3
Nf5 15. Be3 Nxe3 16. Qxe3 Qb6 17. Rad1 Rd8 18. Rd2 Bd7 1/2-1/2

[Event "Vejstrup"]
[Site "Vejstrup"]
[Date "1989.09.??"]
[Round "2"]
[White "Hansen, Curt"]
[Black "Rogers, Ian"]
[Result "1/2-1/2"]
[WhiteElo "2550"]
[BlackElo "2470"]
[PlyCount "140"]
[EventDate "1989.09.??"]
[EventType "tourn"]
[EventRounds "9"]
[EventCountry "DEN"]
[EventCategory "10"]
[Source "ChessBase"]

1. c4 Nf6 2. Nc3 c5 3. g3 e6 4. Nf3 d5 5. cxd5 exd5 6. d4 Nc6 7. Bg2 Be7 8. O-O
O-O 9. Bg5 c4 10. Ne5 Be6 11. Nxc6 bxc6 12. b3 Qa5 13. Na4 Rfd8 14. Qc2 Rac8
15. Bd2 Qb5 16. bxc4 Qxc4 17. Qxc4 dxc4 18. Bc3 Bf5 19. Rac1 Ne4 20. Bb2 c3 21.
Bxc3 Nxc3 22. Rxc3 Rxd4 23. Nc5 Rd2 24. e4 Bg6 25. a4 Ra2 26. Rd1 h6 27. h4 Bh5
28. Rd7 Bf6 29. Rcd3 Rb8 30. Bf3 Bxf3 31. Rxf3 Rd8 32. Rc7 Rc2 33. Nd3 c5 34.
e5 c4 35. exf6 Rxd3 36. Rf4 c3 37. fxg7 Rc1+ 38. Kg2 c2 39. Rfxf7 Rd8 40. Rf8+
Rxf8 41. gxf8=Q+ Kxf8 42. Kf3 Ke8 43. Kg4 Kd8 44. Rc3 Ke7 45. Kh5 Kf6 46. Kxh6
Ke5 47. h5 Kd4 48. Rc7 Kd3 49. g4 Ra1 50. g5 Rxa4 51. Rxc2 Kxc2 52. g6 Rg4 53.
Kg7 a5 54. h6 a4 55. h7 Rh4 56. Kg8 a3 57. g7 Rxh7 58. Kxh7 a2 59. g8=Q a1=Q
60. Qc4+ Kd2 61. f4 Qb1+ 62. Kg7 Ke3 63. Kf6 Qb2+ 64. Kg6 Qg2+ 65. Kf6 Qb2+ 66.
Kf5 Qb1+ 67. Kg5 Qg1+ 68. Kf6 Qa1+ 69. Kf7 Qb1 70. Kf6 Qb2+ 1/2-1/2

[Event "Vejstrup"]
[Site "Vejstrup"]
[Date "1989.09.??"]
[Round "2"]
[White "Mortensen, Erling"]
[Black "Schussler, Harry"]
[Result "1-0"]
[WhiteElo "2475"]
[BlackElo "2540"]
[PlyCount "85"]
[EventDate "1989.09.??"]
[EventType "tourn"]
[EventRounds "9"]
[EventCountry "DEN"]
[EventCategory "10"]
[Source "ChessBase"]

1. e4 e6 2. d4 d5 3. Nc3 Nf6 4. e5 Nfd7 5. Nce2 c5 6. c3 Nc6 7. f4 b5 8. Nf3 b4
9. g4 bxc3 10. bxc3 Qa5 11. Kf2 Ba6 12. Bd2 Nb6 13. Nc1 Bxf1 14. Nb3 Qa4 15.
Rxf1 c4 16. Nc1 Qxd1 17. Rxd1 Ba3 18. Ne2 Rb8 19. Rab1 Kd7 20. f5 Na4 21. Ke3
h6 22. h4 Bb2 23. h5 Ne7 24. Nh4 Rb6 25. Rf1 f6 26. Rf3 Re8 27. Kf2 Ng8 28. Ng6
Ba3 29. Rxb6 Nxb6 30. Nef4 exf5 31. gxf5 Ne7 32. exf6 gxf6 33. Nxe7 Rxe7 34.
Rg3 Bd6 35. Rg6 Re4 36. Ng2 Nc8 37. Rxh6 Ne7 38. Rxf6 Rg4 39. h6 Rg8 40. Nf4
Bxf4 41. Bxf4 Rh8 42. Be5 Rh7 43. Ra6 1-0

[Event "Vejstrup"]
[Site "Vejstrup"]
[Date "1989.09.??"]
[Round "3"]
[White "Hansen, Lars Bo"]
[Black "Hansen, Curt"]
[Result "1/2-1/2"]
[WhiteElo "2525"]
[BlackElo "2550"]
[PlyCount "78"]
[EventDate "1989.09.??"]
[EventType "tourn"]
[EventRounds "9"]
[EventCountry "DEN"]
[EventCategory "10"]
[Source "ChessBase"]

1. Nf3 Nf6 2. c4 c5 3. Nc3 Nc6 4. d4 cxd4 5. Nxd4 e6 6. a3 Bc5 7. Nb3 Be7 8. e4
O-O 9. Be2 b6 10. Be3 Bb7 11. c5 Na5 12. Nxa5 bxa5 13. f3 Rc8 14. Qb3 Ba8 15.
Ba6 Rc6 16. Bb5 Qb8 17. Qc2 Rcc8 18. Qf2 Rfd8 19. Rd1 Qe5 20. Bd4 Qg5 21. h4
Qf4 22. e5 Nd5 23. g3 Qh6 24. Ne4 Rb8 25. Bc4 f5 26. Nc3 Nxc3 27. Bxc3 Rbc8 28.
Bd4 Bc6 29. Rh2 Qh5 30. Rd3 Rf8 31. Rb3 a4 32. Rc3 Bd8 33. Kf1 Rb8 34. Kg1 Bc7
35. Qe2 Rb7 36. f4 Qxe2 37. Rxe2 Rfb8 38. Rc1 Bd8 39. Kf2 h5 1/2-1/2

[Event "Vejstrup"]
[Site "Vejstrup"]
[Date "1989.09.??"]
[Round "3"]
[White "Rogers, Ian"]
[Black "Mortensen, Erling"]
[Result "0-1"]
[WhiteElo "2470"]
[BlackElo "2475"]
[PlyCount "86"]
[EventDate "1989.09.??"]
[EventType "tourn"]
[EventRounds "9"]
[EventCountry "DEN"]
[EventCategory "10"]
[Source "ChessBase"]

1. d4 Nf6 2. c4 g6 3. Nc3 Bg7 4. e4 d6 5. Be2 O-O 6. Bg5 Na6 7. Nf3 h6 8. Bh4
e5 9. d5 g5 10. Bg3 Nxe4 11. Nxe4 f5 12. Nfd2 fxe4 13. Nxe4 Bf5 14. Bd3 g4 15.
O-O h5 16. f3 Bxe4 17. Bxe4 Nc5 18. Bc2 e4 19. Bxe4 Nxe4 20. fxe4 Bxb2 21. Rb1
Rxf1+ 22. Qxf1 Bd4+ 23. Kh1 Qe7 24. Qf5 Rf8 25. Qg6+ Bg7 26. e5 dxe5 27. h4
gxh3 28. gxh3 Qa3 29. Rg1 Qf3+ 30. Kh2 Qf5 31. Qe6+ Kh7 32. Qxf5+ Rxf5 33. c5
Bf8 34. c6 b6 35. Re1 Bd6 36. h4 Kg6 37. Kg2 Kf6 38. a4 a6 39. Re4 b5 40. axb5
axb5 41. Re1 Ke7 42. Re2 b4 43. Re1 Rf8 0-1

[Event "Vejstrup"]
[Site "Vejstrup"]
[Date "1989.09.??"]
[Round "4"]
[White "Mortensen, Erling"]
[Black "Hansen, Lars Bo"]
[Result "0-1"]
[WhiteElo "2475"]
[BlackElo "2525"]
[PlyCount "80"]
[EventDate "1989.09.??"]
[EventType "tourn"]
[EventRounds "9"]
[EventCountry "DEN"]
[EventCategory "10"]
[Source "ChessBase"]

1. e4 e6 2. d3 d5 3. Nd2 c5 4. g3 g6 5. Bg2 Bg7 6. h4 h6 7. f4 h5 8. Nh3 Nf6 9.
Nf2 Nc6 10. e5 Ng8 11. O-O Nh6 12. Nf3 b6 13. c3 Rb8 14. Kh2 Nf5 15. b4 cxb4
16. cxb4 Qd7 17. Rb1 Bf8 18. Bd2 Be7 19. Bh3 a6 20. a4 b5 21. a5 Qa7 22. Qe2
Bd7 23. Rfc1 Rc8 24. Bxf5 exf5 25. Nh3 d4 26. Nhg5 Be6 27. Nxe6 fxe6 28. Qg2
Qd7 29. Rc2 O-O 30. Qf2 Rfd8 31. Kg2 Kf7 32. Qe1 Rc7 33. Rbc1 Rdc8 34. Kf1 Ke8
35. Ke2 Kd8 36. Rb1 Qd5 37. Rbb2 Nxe5 38. Nxe5 Rxc2 39. Rxc2 Rxc2 40. Qb1 Qg2+
0-1

[Event "Vejstrup"]
[Site "Vejstrup"]
[Date "1989.09.??"]
[Round "4"]
[White "Hoi, Carsten"]
[Black "Hansen, Curt"]
[Result "0-1"]
[WhiteElo "2510"]
[BlackElo "2550"]
[PlyCount "64"]
[EventDate "1989.09.??"]
[EventType "tourn"]
[EventRounds "9"]
[EventCountry "DEN"]
[EventCategory "10"]
[Source "ChessBase"]

1. d4 d5 2. Nc3 Bf5 3. Bg5 h6 4. Bh4 c6 5. f3 Qb6 6. e4 Bg6 7. Bd3 e6 8. Nge2
Be7 9. Bf2 Nf6 10. O-O dxe4 11. fxe4 Ng4 12. Nf4 Nxf2 13. Rxf2 Qxd4 14. Nxg6
fxg6 15. e5 Bc5 16. Ne4 Rf8 17. Qg4 Ke7 18. Qxg6 Rxf2 19. Nxf2 Qxe5 20. Kh1
Bxf2 21. Rf1 Nd7 22. Rxf2 Rf8 23. Rxf8 Nxf8 24. Qe4 Qxb2 25. h3 Nd7 26. Qh4+
Kd6 27. Qf4+ Qe5 28. Qa4 a6 29. Qb4+ Kc7 30. Qe7 Qf6 31. Qe8 Qa1+ 32. Kh2 Qxa2
0-1

[Event "Vejstrup"]
[Site "Vejstrup"]
[Date "1989.09.??"]
[Round "5"]
[White "Rogers, Ian"]
[Black "Polgar, Zsuzsa"]
[Result "1-0"]
[WhiteElo "2470"]
[BlackElo "2520"]
[PlyCount "79"]
[EventDate "1989.09.??"]
[EventType "tourn"]
[EventRounds "9"]
[EventCountry "DEN"]
[EventCategory "10"]
[Source "ChessBase"]

1. e4 e5 2. Bc4 Nf6 3. Nc3 Bc5 4. d3 Nc6 5. Bg5 h6 6. Bh4 d6 7. Na4 Bb6 8. Nxb6
axb6 9. f3 Na5 10. Ne2 Nxc4 11. dxc4 Be6 12. b3 g5 13. Bf2 Nd7 14. Nc3 f5 15.
exf5 Bxf5 16. Qd2 Nf6 17. O-O-O Qd7 18. Kb2 O-O-O 19. Nb5 Qh7 20. Qb4 Rd7 21.
Rd2 Ne8 22. Qa4 Kd8 23. Qa8+ Ke7 24. Qxb7 Be6 25. h4 Qg7 26. g4 h5 27. gxh5
Rxh5 28. Rg1 e4+ 29. Bd4 Qg6 30. Be3 Qf6+ 31. Kb1 gxh4 32. Qxe4 Kf8 33. Rg6 Qe5
34. Rxe6 Qxe4 35. Rxe4 h3 36. Rh2 Rg7 37. Rf4+ Ke7 38. Rg4 Rgh7 39. Nc3 Nf6 40.
Bg5 1-0

[Event "Vejstrup"]
[Site "Vejstrup"]
[Date "1989.09.??"]
[Round "5"]
[White "Schussler, Harry"]
[Black "Schandorff, Lars"]
[Result "0-1"]
[WhiteElo "2540"]
[BlackElo "2455"]
[PlyCount "112"]
[EventDate "1989.09.??"]
[EventType "tourn"]
[EventRounds "9"]
[EventCountry "DEN"]
[EventCategory "10"]
[Source "ChessBase"]

1. d4 Nf6 2. Nf3 e6 3. c4 b6 4. g3 Ba6 5. b3 Bb7 6. Bg2 Bb4+ 7. Bd2 c5 8. O-O
O-O 9. dxc5 bxc5 10. Nc3 Qe7 11. a3 Bxc3 12. Bxc3 Ne4 13. Bb2 d5 14. cxd5 exd5
15. b4 Na6 16. Rb1 Rfe8 17. Ba1 c4 18. Nd4 Qd7 19. Qc1 Nc7 20. Rd1 Nb5 21. Nxb5
Qxb5 22. f3 Nf6 23. Bf1 Nd7 24. Bd4 Nf8 25. Qc3 Ne6 26. Bf2 a6 27. Rd2 Bc6 28.
Rbd1 a5 29. e4 axb4 30. axb4 Nc7 31. Bd4 f6 32. e5 f5 33. Bh3 g6 34. g4 fxg4
35. Bxg4 Ne6 36. Rf2 h5 37. Bxe6+ Rxe6 38. f4 Rf8 39. f5 Rxf5 40. Rxf5 gxf5 41.
Qg3+ Kh7 42. Qf3 Be8 43. Kh1 Bg6 44. Bc3 d4 45. Rxd4 Be8 46. Kg1 Rxe5 47. Rd6
Re4 48. h3 Bg6 49. Qd1 Kh6 50. Qd2+ f4 51. Rd5 Qb6+ 52. Bd4 Qe6 53. Be5 Kh7 54.
Rd7+ Bf7 55. Bxf4 Rxf4 56. Rd6 Qf5 0-1

[Event "Vejstrup"]
[Site "Vejstrup"]
[Date "1989.09.??"]
[Round "5"]
[White "Hansen, Curt"]
[Black "Mortensen, Erling"]
[Result "1-0"]
[WhiteElo "2550"]
[BlackElo "2475"]
[PlyCount "139"]
[EventDate "1989.09.??"]
[EventType "tourn"]
[EventRounds "9"]
[EventCountry "DEN"]
[EventCategory "10"]
[Source "ChessBase"]

1. c4 Nf6 2. Nc3 g6 3. g3 Bg7 4. Bg2 O-O 5. Nf3 d6 6. O-O c6 7. d4 Bf5 8. Nh4
Be6 9. Qd3 d5 10. cxd5 cxd5 11. Nf3 Nc6 12. Bf4 Ne4 13. Nxe4 Bf5 14. Nf6+ Bxf6
15. Qd2 Be4 16. Ne5 Bxe5 17. dxe5 Bxg2 18. Kxg2 Qd7 19. Rac1 Rfd8 20. Rc5 Qe6
21. Qc3 d4 22. Qb3 Qxb3 23. axb3 Kg7 24. Bd2 Rd7 25. Rfc1 Rad8 26. b4 Rd5 27.
f4 a6 28. Kf3 f5 29. exf6+ exf6 30. Rxd5 Rxd5 31. Ke4 Rd6 32. g4 Kf7 33. Rc5
Re6+ 34. Kd3 b6 35. Rd5 b5 36. Rd7+ Re7 37. Rxe7+ Kxe7 38. Ke4 Ke6 39. f5+
gxf5+ 40. gxf5+ Kd6 41. Be1 Ke7 42. Kd5 Kd7 43. h3 h5 44. h4 d3 45. exd3 Ne7+
46. Ke4 Nc8 47. Bc3 Ke7 48. Kd5 Kf7 49. Bd4 Ne7+ 50. Ke4 Ng8 51. Bc5 Ke8 52.
Kd5 Kd7 53. Bf8 Ke8 54. Bc5 Kd7 55. Bd4 Ne7+ 56. Kc5 Nxf5 57. Bxf6 Ke6 58. Bg5
Ke5 59. b3 Ke6 60. d4 Kd7 61. Kd5 Ng3 62. Ke5 Ne2 63. Be3 Nc3 64. Kf5 Nd5 65.
Bd2 Ne7+ 66. Kg5 Ke6 67. Kxh5 Nf5 68. Bc3 Ng3+ 69. Kg6 Ne4 70. h5 1-0

[Event "Vejstrup"]
[Site "Vejstrup"]
[Date "1989.09.??"]
[Round "6"]
[White "Schandorff, Lars"]
[Black "Rogers, Ian"]
[Result "0-1"]
[WhiteElo "2455"]
[BlackElo "2470"]
[PlyCount "70"]
[EventDate "1989.09.??"]
[EventType "tourn"]
[EventRounds "9"]
[EventCountry "DEN"]
[EventCategory "10"]
[Source "ChessBase"]

1. d4 Nf6 2. Nf3 c5 3. d5 e6 4. Nc3 exd5 5. Nxd5 Nxd5 6. Qxd5 Nc6 7. e4 Be7 8.
Bc4 O-O 9. c3 d6 10. Qh5 Be6 11. Bxe6 fxe6 12. h4 Qe8 13. Qxe8 Rfxe8 14. Be3 b5
15. O-O-O a5 16. Bf4 Rad8 17. Rd2 h6 18. Rhd1 e5 19. Bg3 a4 20. Re2 b4 21. cxb4
Nxb4 22. Kb1 a3 23. b3 c4 24. Nd2 d5 25. exd5 cxb3 26. Nxb3 Nxd5 27. Rc1 e4 28.
Rxe4 Bf6 29. Rxe8+ Rxe8 30. Kc2 Nb4+ 31. Kd2 Rd8+ 32. Ke3 Nxa2 33. Rc5 Nb4 34.
Ke4 a2 35. Rb5 Rd3 0-1

[Event "Vejstrup"]
[Site "Vejstrup"]
[Date "1989.09.??"]
[Round "6"]
[White "Hoi, Carsten"]
[Black "Mortensen, Erling"]
[Result "0-1"]
[WhiteElo "2510"]
[BlackElo "2475"]
[PlyCount "72"]
[EventDate "1989.09.??"]
[EventType "tourn"]
[EventRounds "9"]
[EventCountry "DEN"]
[EventCategory "10"]
[Source "ChessBase"]

1. d4 Nf6 2. c4 g6 3. Nc3 Bg7 4. e4 d6 5. f3 O-O 6. Be3 c5 7. d5 e6 8. Qd2 exd5
9. cxd5 Re8 10. Nge2 Nbd7 11. Ng3 h5 12. Be2 h4 13. Nf1 Nh7 14. Bh6 Bh8 15. Ne3
a6 16. a4 f5 17. O-O Ne5 18. Bf4 Nf7 19. Nc4 g5 20. Be3 f4 21. Bf2 Ne5 22. Nxe5
Bxe5 23. h3 Bd7 24. a5 b5 25. axb6 Qxb6 26. Ra2 Reb8 27. Rfa1 a5 28. Bd1 Qb4
29. Kh1 Nf6 30. Kg1 Kg7 31. Kf1 Nh5 32. Ke1 Ng3 33. Ba4 Bxa4 34. Nxa4 Qc4 35.
Bxg3 hxg3 36. Nc3 Rxb2 0-1

[Event "Vejstrup"]
[Site "Vejstrup"]
[Date "1989.09.??"]
[Round "7"]
[White "Schussler, Harry"]
[Black "Hoi, Carsten"]
[Result "1/2-1/2"]
[WhiteElo "2540"]
[BlackElo "2510"]
[PlyCount "37"]
[EventDate "1989.09.??"]
[EventType "tourn"]
[EventRounds "9"]
[EventCountry "DEN"]
[EventCategory "10"]
[Source "ChessBase"]

1. e4 e6 2. d4 d5 3. Nc3 Nf6 4. Bg5 Be7 5. e5 Nfd7 6. Bxe7 Qxe7 7. f4 O-O 8.
Nf3 c5 9. dxc5 Qxc5 10. Qd2 Nc6 11. Bd3 f6 12. exf6 Nxf6 13. O-O-O Bd7 14. Kb1
a6 15. Rhe1 b5 16. Ne2 Kh8 17. h3 b4 18. g4 a5 19. Ng3 1/2-1/2

[Event "Vejstrup"]
[Site "Vejstrup"]
[Date "1989.09.??"]
[Round "7"]
[White "Hansen, Lars Bo"]
[Black "Schandorff, Lars"]
[Result "1/2-1/2"]
[WhiteElo "2525"]
[BlackElo "2455"]
[PlyCount "43"]
[EventDate "1989.09.??"]
[EventType "tourn"]
[EventRounds "9"]
[EventCountry "DEN"]
[EventCategory "10"]
[Source "ChessBase"]

1. d4 Nf6 2. c4 e6 3. Nc3 Bb4 4. e3 c5 5. Bd3 Nc6 6. Nge2 cxd4 7. exd4 d5 8.
cxd5 Nxd5 9. O-O O-O 10. Be4 Nf6 11. Bf3 h6 12. Be3 Bd6 13. Qd2 Bd7 14. Rad1
Qb8 15. h3 Ne7 16. Bf4 Bc6 17. Bxc6 Nxc6 18. d5 Nxd5 19. Nxd5 exd5 20. Bxd6
Qxd6 21. Qxd5 Qb4 22. Qd2 1/2-1/2

[Event "Vejstrup"]
[Site "Vejstrup"]
[Date "1989.09.??"]
[Round "8"]
[White "Schandorff, Lars"]
[Black "Hansen, Curt"]
[Result "1/2-1/2"]
[WhiteElo "2455"]
[BlackElo "2550"]
[PlyCount "129"]
[EventDate "1989.09.??"]
[EventType "tourn"]
[EventRounds "9"]
[EventCountry "DEN"]
[EventCategory "10"]
[Source "ChessBase"]

1. c4 e5 2. Nc3 Nf6 3. Nf3 Nc6 4. g3 Bc5 5. Bg2 d6 6. e3 O-O 7. O-O Re8 8. d4
Bb6 9. h3 Bf5 10. a3 a5 11. b3 Qd7 12. Kh2 h6 13. Nd5 Nxd5 14. cxd5 Ne7 15.
dxe5 Be4 16. Bb2 Nxd5 17. exd6 Qxd6 18. Nh4 Bxg2 19. Nxg2 Rad8 20. Qc2 Qc5 21.
Qf5 Ne7 22. Qxc5 Bxc5 23. Rfd1 Nd5 24. Rd3 Nb6 25. Rad1 Rxd3 26. Rxd3 a4 27. b4
Bd6 28. Ne1 Nc4 29. Bd4 b5 30. Nf3 Rd8 31. Rc3 f6 32. Kg2 Kf7 33. Kf1 Be5 34.
Ke2 Ke6 35. Rd3 h5 36. h4 Kf5 37. Nd2 Bxd4 38. exd4 g5 39. hxg5 fxg5 40. Rf3+
Kg6 41. Nxc4 bxc4 42. Re3 Rxd4 43. Re6+ Kf5 44. Rc6 h4 45. Rc5+ Kg4 46. gxh4
gxh4 47. Rxc7 h3 48. b5 c3 49. Rxc3 h2 50. Rc1 Kh3 51. Rc3+ Kh4 52. Rc1 Rg4 53.
b6 Rg1 54. b7 h1=Q 55. Rxg1 Qe4+ 56. Kd2 Qd5+ 57. Ke1 Qxb7 58. Rg3 Qb2 59. Kf1
Qd2 60. Kg2 Qd1 61. Rh3+ Kg4 62. Rg3+ Kf4 63. Re3 Qd5+ 64. Kg1 Qc6 65. Rg3
1/2-1/2

[Event "Vejstrup"]
[Site "Vejstrup"]
[Date "1989.09.??"]
[Round "8"]
[White "Schussler, Harry"]
[Black "Rogers, Ian"]
[Result "1/2-1/2"]
[WhiteElo "2540"]
[BlackElo "2470"]
[PlyCount "20"]
[EventDate "1989.09.??"]
[EventType "tourn"]
[EventRounds "9"]
[EventCountry "DEN"]
[EventCategory "10"]
[Source "ChessBase"]

1. d4 Nf6 2. Nf3 e6 3. c4 d5 4. Bg5 Nbd7 5. e3 h6 6. Bh4 Bb4+ 7. Nc3 g5 8. Bg3
Ne4 9. Qc2 h5 10. h4 g4 1/2-1/2

[Event "Vejstrup"]
[Site "Vejstrup"]
[Date "1989.09.??"]
[Round "9"]
[White "Hansen, Lars Bo"]
[Black "Schussler, Harry"]
[Result "0-1"]
[WhiteElo "2525"]
[BlackElo "2540"]
[PlyCount "124"]
[EventDate "1989.09.??"]
[EventType "tourn"]
[EventRounds "9"]
[EventCountry "DEN"]
[EventCategory "10"]
[Source "ChessBase"]

1. Nf3 c5 2. c4 Nc6 3. Nc3 e5 4. g3 g6 5. Bg2 Bg7 6. d3 Nge7 7. Nd2 d6 8. Nf1
Be6 9. Ne3 O-O 10. O-O Rb8 11. Rb1 a6 12. Ned5 b5 13. b3 Qd7 14. Bb2 b4 15.
Nxe7+ Nxe7 16. Nd5 Nxd5 17. cxd5 Bh3 18. Qd2 Bxg2 19. Kxg2 f5 20. e4 f4 21. f3
h5 22. Ra1 Rb6 23. gxf4 Bh6 24. Kh1 Bxf4 25. Qg2 Kh7 26. Rg1 Rf6 27. Bc1 Bxc1
28. Raxc1 Rb8 29. Rcf1 Rbf8 30. Rf2 Qf7 31. Rgf1 Kh6 32. Kg1 g5 33. Qg3 Rf4 34.
h3 Qf6 35. Kh1 Rh4 36. Kg1 Qe7 37. Rg2 Rf7 38. Ra1 Rhf4 39. Rf1 h4 40. Qf2 Qf6
41. Qe3 a5 42. Kh2 Rg7 43. a4 bxa3 44. Ra2 Rf7 45. Kg2 Kg6 46. Rxa3 g4 47. hxg4
h3+ 48. Kh2 Rxf3 49. Rxf3 Qxf3 50. Qxf3 Rxf3 51. Rxa5 Kg5 52. Ra2 Kxg4 53. Rd2
Kf4 54. Rd1 Ke3 55. b4 cxb4 56. Rb1 Kf4 57. Rb3 Kg4 58. Rxb4 Rf2+ 59. Kh1 Kg3
60. Rb1 Rh2+ 61. Kg1 Rd2 62. Rf1 Rg2+ 0-1

[Event "Vejstrup"]
[Site "Vejstrup"]
[Date "1989.09.??"]
[Round "9"]
[White "Rogers, Ian"]
[Black "Hoi, Carsten"]
[Result "1/2-1/2"]
[WhiteElo "2470"]
[BlackElo "2510"]
[PlyCount "83"]
[EventDate "1989.09.??"]
[EventType "tourn"]
[EventRounds "9"]
[EventCountry "DEN"]
[EventCategory "10"]
[Source "ChessBase"]

1. e4 d6 2. d4 Nf6 3. Nc3 g6 4. Nf3 Bg7 5. Be2 O-O 6. O-O Bg4 7. h3 Bxf3 8.
Bxf3 Nc6 9. Ne2 e5 10. c3 Re8 11. d5 Ne7 12. c4 Nd7 13. Nc3 f5 14. Rb1 Kh8 15.
b4 b6 16. a3 Ng8 17. exf5 gxf5 18. Bh5 Rf8 19. f4 Qh4 20. Nb5 Ngf6 21. Bf3 Ne8
22. Qa4 Rg8 23. Nd4 exd4 24. Qxd7 Rf8 25. Bd2 Bh6 26. Bd1 Nf6 27. Qxf5 Rae8 28.
Qd3 Ne4 29. Be1 Qf6 30. Bc2 Qg7 31. f5 Be3+ 32. Kh1 Rg8 33. g4 Nf6 34. Qe2 Qh6
35. Qg2 Bg5 36. Bg3 Re3 37. Rb3 Rge8 38. Rxe3 Rxe3 39. Re1 Rxg3 40. Qxg3 Bh4
41. Qg2 Bxe1 42. g5 1/2-1/2

[Event "Vejstrup"]
[Site "Vejstrup"]
[Date "1989.09.??"]
[Round "9"]
[White "Mortensen, Erling"]
[Black "Schandorff, Lars"]
[Result "1/2-1/2"]
[WhiteElo "2475"]
[BlackElo "2455"]
[PlyCount "105"]
[EventDate "1989.09.??"]
[EventType "tourn"]
[EventRounds "9"]
[EventCountry "DEN"]
[EventCategory "10"]
[Source "ChessBase"]

1. e4 c5 2. Ne2 d5 3. exd5 Nf6 4. c4 e6 5. dxe6 Bxe6 6. Nf4 Nc6 7. Be2 Qd7 8.
Nc3 O-O-O 9. Nxe6 Qxe6 10. d3 Ne5 11. O-O Qf5 12. Qa4 a6 13. Be3 Bd6 14. h3 h5
15. Ne4 Nxe4 16. dxe4 Qxe4 17. Qb3 g5 18. f4 gxf4 19. Rxf4 Qc6 20. Rf2 Qe4 21.
Rd1 Rhg8 22. Bf4 Bc7 23. Rxd8+ Rxd8 24. Bxh5 Rd3 25. Qc2 f6 26. b3 Qd4 27. Be2
Rc3 28. Qf5+ Kb8 29. g3 Ka7 30. Kg2 a5 31. h4 a4 32. h5 axb3 33. axb3 Rxb3 34.
h6 Qd8 35. Qc2 Ra3 36. Qe4 Ra6 37. h7 Qh8 38. Be3 Rc6 39. Bf4 Ra6 40. Bf3 Nxf3
41. Bxc7 Ng5 42. Qe7 Qxh7 43. Qxc5+ b6 44. Bxb6+ Rxb6 45. Ra2+ Kb7 46. Qd5+ Kc8
47. Ra8+ Rb8 48. Qc5+ Qc7 49. Qf8+ Kb7 50. Rxb8+ Qxb8 51. Qxf6 Qxg3+ 52. Kxg3
Ne4+ 53. Kf4 1/2-1/2